| 000 | 00646nam a2200217 a 4500 | ||
|---|---|---|---|
| 001 | BRCA_6112 | ||
| 005 | 20190320205335.0 | ||
| 008 | 300611s1915----nyua######---#000-0#eng-# | ||
| 041 | _aeng | ||
| 044 | _anyu | ||
| 050 | 4 |
_aPN6231 M4 _b.S64 1915 |
|
| 100 | 1 |
_aCobb, Irvin S. _d1876-1944. _q(Irvin Shrewsbury) _915441 |
|
| 245 | 1 | 0 |
_aSpeaking of operations _cIrvin S. Cobb; illustrations by Tony Sarg. |
| 260 |
_aNueva York _bG. H. Doran _c1915 |
||
| 300 |
_a64 p. _bil. _c19 cm. |
||
| 500 | _aIncluye indice de ilustraciones | ||
| 500 | _aK14 | ||
| 650 | 1 | 4 |
_aMedicina _eAnécdotas, chistes, satiras, etc. _98143 |
| 902 | _aGFM | ||
| 942 |
_2lcc _cB |
||
| 999 |
_c5799 _d5799 |
||